000 00697nam a2200229 a 4500
001 14239
003 BD-JhCC
005 20250222134455.0
008 250222b2011 bg |||| ||a| 000 0 ben d
020 _a9789843325952
035 _a(BD-JhCC)14239
040 _aBD-JhCC
_dBD-JhCC
041 _abengali
082 _a891.4435
_bSAR 2011
100 _a সরকার,রীতা
245 _aস্বপ্নীল ভূবনে কিশোর-কিশোরী /
_cরীতা সরকার।
260 _aঢাকা:
_bসিটি আর্ট প্রেস;
_c2011.
300 _a84 p. :
_c21 cm.
650 _abengali short stories
942 _2ddc
_cBK
999 _c14239
_d14239